000 00592cam a22002053a 4500
001 45662
003 PGUSA
005 20140828084046.0
008 140516s2014||||xxu|||||s|||||000 | eng d
040 _aPGUSA
_beng
042 _adc
100 1 _aHerrington, W. S.
245 1 0 _aPioneer Life Among the Loyalists in Upper Canada
_h[electronic resource] /
_cW. S. Herrington
260 _bProject Gutenberg,
_c2014
506 _aPublic domain in the USA.
516 _aElectronic text
830 0 _aProject Gutenberg
_v45662
856 4 0 _uhttp://www.gutenberg.org/ebooks/45662
942 _cEB
999 _c274912
_d274912